| 000 | 00696nam a2200181Ia 4500 | ||
|---|---|---|---|
| 003 | GCL | ||
| 008 | 140319s9999 xx 000 0 ara d | ||
| 040 |
_aGCL / _cGCL |
||
| 082 | 0 | 4 |
_a344.01 _bع ق |
| 100 | 1 | _aعصمت الهوارى | |
| 245 | 1 | 0 |
_aقانون العمل الموحد ومذكرته التفسيريه : القانون رقم 91 لسنه1959 (هدية من الاديب عبدالفتاح الجمل) / _cعصمت الهوارى |
| 300 | _a111 ص | ||
| 490 |
_aالهيئة العامة للاستعلامات _v0 |
||
| 650 | 0 | 4 | _aالعمل والعمال |
| 650 | 0 | 4 | _aالقانون الادارى |
| 650 | 0 | 4 | _aالعمل , قوانين وتشريعات |
| 942 |
_2ddc _cBK |
||
| 999 |
_c47162 _d47162 |
||